|
|
|
|
| LEADER |
00000cam a2200000 a 4500 |
| 001 |
vtls008392940 |
| 003 |
SK-MaSNL |
| 005 |
20260302004126.0 |
| 008 |
200205s1943 xo 000 0 slo |
| 015 |
|
|
|a SNBA19421945-095/2201
|
| 035 |
|
|
|a SK01SNKBKSD220020085157
|
| 035 |
|
|
|a urn:nbn:sk:snk-am3hu5h
|
| 035 |
|
|
|a EB62D190-AA6A-4D71-81AC-A0C2590620ED
|
| 035 |
|
|
|a urn:nbn:sk:snk-am00d9fo
|
| 035 |
|
|
|a SKM000087620
|
| 040 |
|
|
|a SNK
|b slo
|c SNK
|e AACR2
|
| 041 |
0 |
|
|a slo
|
| 044 |
|
|
|a xo
|c SK
|
| 080 |
|
|
|a 341.76
|2 1981
|
| 245 |
0 |
0 |
|a Protokolárna príručka
|
| 260 |
|
|
|a Bratislava
|b Ministerstvo zahraničných vecí
|c 1943
|e Bratislava
|f Universum
|
| 300 |
|
|
|a 171, [i] s.
|c 8°
|
| 650 |
0 |
7 |
|a diplomacia
|2 SNKPH
|9 1254
|
| 650 |
0 |
7 |
|a diplomatický protokol
|2 SNKPH
|9 2221
|
| 655 |
|
7 |
|a príručky
|2 SNKPH
|9 74364
|
| 958 |
|
|
|a ONDV
|
| 958 |
|
|
|a RK
|
| 958 |
|
|
|a TL
|
| 999 |
|
|
|c 994721
|d 996651
|
| 952 |
|
|
|t P60, <04>, [BOOK], {604}
|a SNK
|b SNK
|y VYP
|7 0
|p 17A0060376
|o snkSD 4833 D1
|0 0
|1 0
|4 0
|d 1997-05-16
|l 0
|r 2005-01-02 00:00:00
|w 2026-02-24
|
| 952 |
|
|
|t P60, <04>, [BOOK], {604}
|a SNK
|b SNK
|y VYP
|7 0
|p 17A0060377
|o snkSD 4833 D2
|0 0
|1 0
|4 0
|d 1997-05-16
|l 0
|r 2005-01-02 00:00:00
|w 2026-02-24
|
| 952 |
|
|
|t P60, <04>, [BOOK], {604}
|a SNK
|b SNK
|y VYP
|7 0
|p 17A0060378
|o snkSD 4833 D3
|0 0
|1 0
|4 0
|d 1997-05-16
|l 0
|r 2005-01-02 00:00:00
|w 2026-02-24
|
| 952 |
|
|
|a SNK
|b SNK
|y PREZ
|7 0
|p 17A0907834
|o snkSD 4833
|i snk1299/43
|0 0
|1 0
|4 0
|d 2018-06-12
|f 1
|l 0
|r 2025-11-11 00:00:00
|w 2026-02-24
|